Premier League Teams Quiz – 1994/95 - Statistics

General Stats
  • This quiz has been taken 6 times
  • The average score is 18 of 22
Answer Stats
Answer % Correct
Arsenal
100%
Aston Villa
100%
Chelsea
100%
Liverpool
100%
Manchester City
100%
Manchester United
100%
Newcastle
100%
Tottenham
100%
Blackburn
83%
Crystal Palace
83%
Everton
83%
Leicester
83%
Nottingham
83%
West Ham
83%
Coventry
67%
Ipswich
67%
Leeds
67%
Sheffield Wednesday
67%
Norwich
50%
QPR
50%
Southampton
50%
Wimbledon
50%
No matching quizzes found
Score Distribution
Percent of People with Each Score
Percentile by Number Answered
Your Score History
You have not taken this quiz